| 000 | 01225nam a2200301 i 4500 | ||
|---|---|---|---|
| 001 | 768714001 | ||
| 003 | CO-MdFUSB | ||
| 005 | 20220318172933.0 | ||
| 008 | 220211t1988 pr o|||g |||| 00| 0 spa d | ||
| 040 |
_aCO-MdFUSB _bspa _cCO-MdFUSB _dCO-MdFUSBC _erda |
||
| 041 | _aspa | ||
| 090 | _aAV 0098 | ||
| 100 |
_aÁvila, Yiye. _eautor |
||
| 245 | 0 |
_aSanidad divina _c/ Yiye Avila |
|
| 264 | 1 |
_aCamuy, Puerto Rico : _bEditorial Cristo Viene, _c[1998] |
|
| 264 | 1 | _c© 1998 | |
| 300 |
_a64 páginas _c; 20 cm |
||
| 336 |
_2rdacontent _atexto _btxt |
||
| 337 |
_2rdamedia _asin mediación _bn |
||
| 338 |
_2rdacarrier _avolumen _bnc |
||
| 505 | 2 | _aPromesas de salud para los hijos de Dios. -- Promesas de sanidad en el nuevo testamento. -- La enfermedad es opresión del diablo. -- La triple voluntad de Dios. -- ¿Debemos depender de Dios para la sanidad o debemos acudir a los médicos? | |
| 520 | 1 | _aToda enfermedad directa o indirectamente viene del directa o indirectamente viene del diablo y no de Dios. ¿Estás enfermo? Satanás te ha enfermado y no Dios que es amor y misericordia. | |
| 563 | _aRústico | ||
| 650 | 0 |
_919 _aVida cristiana |
|
| 650 | 0 |
_951 _aVida espiritual |
|
| 942 | _cAV | ||
| 945 | _aJTF-925 | ||
| 999 |
_c67156 _d67156 |
||